Transformaė̳s e desafios ̉efetividade dos direitos e garantias fundamentais

Detalles Bibliográficos
Autor principal: C. Morais, Ocľio de Jess︢
Formato: eBook
Lenguaje:portugués
Publicado: San Pablo: LTR, 2021
Materias:
Acceso en línea:Acceso restringido

MARC

LEADER 00000nam a22000007a 4500
005 20220512231613.0
007 cr|||| ||||
008 220512s2021 br |||||s|||| 00||0 por d
020 |a 978-65-5883-022-1 
035 |a 36392 
040 |a vLex 
090 |c 13329  |d 13329 
100 1 |a C. Morais, Ocľio de Jess︢ 
245 1 0 |a  Transformaė̳s e desafios ̉efetividade dos direitos e garantias fundamentais  |h [Recurso electrn̤ico] /  |c Ocľio de Jess︢ C. Morais 
256 |a Servicio en ln̕ea 
260 |a San Pablo:  |b LTR,  |c 2021 
300 |a 1 recurso electrn̤ico 
500 |a A obra, que aborda temas jurd̕icos atuals̕simos, ren︢e notv̀eis profissionais do direito brasileiro: Ministra Rosa Weber (STF), Ministro Walmir Oliveira da Costa (TST), Zeno Augusto Bastos Veloso (jurista), Georgenor de Sousa Franco Filho (desembargador do trabalho), dentre outros. Uma obra que traz importantes contribuiė̳s ̉cultura jurd̕ica brasileira. A obra ̌patrocinada pela Associaȯ̂ dos Magistrados do Trabalho da 8® Regiô - Amatra 8® regiô. (Ocľio de Jesus Carneiro de Morais, Presidente da Academia Brasileira, coordenador e organizador da obra). 
506 1 |a Disponible solo en los productos indicados  |d vLex Global  |d vLex Global (Academic Edition, excluding Law Schools)  |d vLex Global (U.S. Academic Edition, Law Schools)  |d vLex Global (U.S. Academic Edition, excluding Law Schools)  |d vLex Global (Academic Edition, Law Schools) 
650 0 4 |a Derecho Constitucional  |z Brasil 
740 0 |a vLex Libros (Servicio en ln̕ea) 
856 4 0 |u https://app.vlex.com/#/sources/36392  |z Acceso restringido 
942 |c BOOK 
999 0 |a Constitutional right